What good nursing means to you (Record no. 442658)

000 -LEADER
fixed length control field 00382cam a22001337a 4500
008 - FIXED-LENGTH DATA ELEMENTS--GENERAL INFORMATION
fixed length control field 180718b1955 xxu||||| |||| 00| 0 eng d
082 ## - DEWEY DECIMAL CLASSIFICATION NUMBER
Classification number P6 W146
100 ## - MAIN ENTRY--PERSONAL NAME
Personal name Waldman.susie berg
245 ## - TITLE STATEMENT
Title What good nursing means to you
Statement of responsibility, etc. by susie berg waldman
250 ## - EDITION STATEMENT
Edition statement First edition
260 ## - PUBLICATION, DISTRIBUTION, ETC.
Place of publication, distribution, etc. New york
Name of publisher, distributor, etc. Public affairs comittee
Date of publication, distribution, etc. 1955
300 ## - PHYSICAL DESCRIPTION
Extent 27p.
650 ## - SUBJECT ADDED ENTRY--TOPICAL TERM
Topical term or geographic name entry element Vocational education
Holdings
Withdrawn status Lost status Damaged status Not for loan Permanent Location Current Location Date acquired Full call number Barcode Date last seen Price effective from Koha item type
        Indian Institute of Public Administration Indian Institute of Public Administration 2012-05-28 P6 W146 19125 2018-07-21 2018-07-21 Book

Powered by Koha